Exegesis and expository sermons on the book of James (ch) / (Record no. 40697)
[ view plain ]
| 000 -LEADER | |
|---|---|
| fixed length control field | 00447nam a22001337a 4500 |
| 005 - DATE AND TIME OF LATEST TRANSACTION | |
| control field | 20170925163500.0 |
| 008 - FIXED-LENGTH DATA ELEMENTS--GENERAL INFORMATION | |
| fixed length control field | 170923b ph ||||| |||| 00| 0 eng d |
| 100 ## - MAIN ENTRY--PERSONAL NAME | |
| Personal name | Chu Dakun |
| 245 ## - TITLE STATEMENT | |
| Title | Exegesis and expository sermons on the book of James (ch) / |
| Statement of responsibility, etc | by Chu Dakun |
| 260 ## - PUBLICATION, DISTRIBUTION, ETC. (IMPRINT) | |
| Place of publication, distribution, etc | Valenzuela City: |
| Name of publisher, distributor, etc | BSOP; |
| Date of publication, distribution, etc | 2013. |
| 300 ## - PHYSICAL DESCRIPTION | |
| Extent | 162 leaves: |
| Dimensions | 28 cm. |
| 500 ## - GENERAL NOTE | |
| General note | Thesis (B. Th.) -- Biblical Seminary of the Philippines, March, 2013. |
| 942 ## - ADDED ENTRY ELEMENTS (KOHA) | |
| Source of classification or shelving scheme | Library of Congress Classification |
| Item type | Thesis |
| Withdrawn status | Lost status | Source of classification or shelving scheme | Damaged status | Not for loan | Home library | Current library | Shelving location | Date acquired | Inventory number | Total Checkouts | Barcode | Date last seen | Price effective from | Koha item type |
|---|---|---|---|---|---|---|---|---|---|---|---|---|---|---|
| Library of Congress Classification | BSOP Library | BSOP Library | Thesis | 09/23/2017 | C-15086 | 00050286 | 09/23/2017 | 09/23/2017 | Thesis |
